|
|
|
|
| LEADER |
00000nla2a2200000 4500 |
| 001 |
231266 |
| 005 |
20231221114124.0 |
| 035 |
|
|
|a (RuTPU)RU\TPU\book\252284
|
| 035 |
|
|
|a RU\TPU\book\252283
|
| 090 |
|
|
|a 231266
|
| 100 |
|
|
|a 20130131d2012 k y0rusy50 ca
|
| 101 |
0 |
|
|a rus
|
| 102 |
|
|
|a RU
|
| 105 |
|
|
|a y z 101zy
|
| 181 |
|
0 |
|a i
|
| 182 |
|
0 |
|a b
|
| 200 |
1 |
|
|a Применение технологий дистанционного обучения в формировании профессиональной иноязычной компетенции специалистов вуза
|f Е. Ю. Лемешко, О. С. Лутошкина
|
| 203 |
|
|
|a Текст
|c электронный
|
| 225 |
1 |
|
|a Родной и иностранные языки в профессиональной деятельности инженера/специалиста
|
| 300 |
|
|
|a Заглавие с экрана
|
| 320 |
|
|
|a [Библиогр.: с. 282 (3 назв.)]
|
| 330 |
|
|
|a В статье рассматривается понятие дистанционное обучение, отмечается необходимость применения информационных технологий, например Moodle, в обучении иностранному языку в рамках программ повышения квалификации ППС высшего учебного заведения и обосновывается роль информационных технологий в обучении иностранному у сотрудников технического вуза
|
| 337 |
|
|
|a Adobe Reader
|
| 463 |
|
1 |
|0 (RuTPU)RU\TPU\book\240708
|t Уровневая подготовка специалистов: государственные и международные стандарты инженерного образования
|o сборник трудов научно-методической конференции, 3-6 апреля 2012 г.
|f Национальный исследовательский Томский политехнический университет (ТПУ)
|v [С. 281-282]
|d 2012
|
| 610 |
1 |
|
|a труды учёных ТПУ
|
| 610 |
1 |
|
|a электронный ресурс
|
| 610 |
1 |
|
|a дистанционное обучение
|
| 610 |
1 |
|
|a информационные технологии
|
| 610 |
1 |
|
|a иностранные языки
|
| 610 |
1 |
|
|a сотрудники ТПУ
|
| 700 |
|
1 |
|a Лемешко
|b Е. Ю.
|c лингвист
|c старший преподаватель Томского политехнического университета
|f 1976-
|g Елена Юрьевна
|3 (RuTPU)RU\TPU\pers\26959
|9 12569
|
| 701 |
|
1 |
|a Лутошкина
|b О. С.
|c лингвист
|c преподаватель Томского политехнического университета
|g Ольга Сергеевна
|3 (RuTPU)RU\TPU\pers\30375
|
| 801 |
|
2 |
|a RU
|b 63413507
|c 20130201
|g RCR
|
| 856 |
4 |
|
|u http://www.lib.tpu.ru/fulltext/c/2012/C09/130.pdf
|
| 942 |
|
|
|c CF
|